000 00217nam a2200121Ia 4500
100 _a#N/A
942 _cBK
245 _aAJAX for beginniners
260 _b#N/A
082 _b21565
546 _aENGLISH
999 _c35290
_d35290